00842nam a2200193 a 450000100100000000500170001000800410002702000170006804000250008524500880011026000720019830000280027050400310029854600640032950400730039371000600046695201050052699900170063100004132220201002034803.0130930s1995 sp 000 0 spa d a840000074769 aDO-SdBNPbspacBNPHU03aEl dialecto árabe de Skûra (Marruecos) /cJordi Aguadé, Mohammad El Yaacoubi. aMadrid :bConsejo Superior de Investigaciones Científicas,c1995. a188 p. :bil. ;c25 cm. aBibliografía : p 183-188 aTextos esn español y árabe romanizado (Skura dialecto). aIncluye referencias bibliográficas y notas al pie de las páginas2 aConsejo Superior de Investigaciones Científicas94786 001050718MOaGRbGRcCTd2013-09-30iLF1l0o p41322-10r2020-06-25w2020-06-25y1ZNo se presta c40812d40812